[Event "XLI Olimpiadi femminile"]
[Site "Tromso NOR"]
[Date "2014.08.08"]
[Round "6.2"]
[White "Aulia, Medina Warda"]
[Black "Brunello, Marina"]
[WhiteElo "2397"]
[BlackElo "2281"]
[Result "1/2-1/2"]
[Annotator "ITA-INA"]
[PlyCount "163"]
[EventDate "2014.08.02"]

1. e4 c5 2. Nf3 d6 3. Bb5+ Nd7 4. O-O a6 5. Bd3 Ngf6 6. Re1 e5 7. c3 Be7 8. Bc2
O-O 9. d4 b5 10. Nbd2 Bb7 11. Nf1 Rc8 12. Ng3 g6 13. Bh6 Re8 14. a4 Qb6 15. a5
Qc7 16. d5 c4 17. Nd2 Nc5 18. Qf3 Kh8 19. Ndf1 Rb8 20. Bg5 Qd8 21. h4 Bc8 22.
h5 Ng4 23. Bd2 Kg8 24. Ne3 Nxe3 25. Qxe3 Bf6 26. Kh2 Bg7 27. Rh1 Nd7 28. Kg1
Nf6 29. f3 Nd7 30. Rh2 Qc7 31. Kh1 Qd8 32. Qf2 Nf8 33. Nf1 Nd7 34. Ne3 Nc5 35.
Ng4 Rb7 36. hxg6 fxg6 37. Nh6+ Kh8 38. Qg3 Rf8 39. Kg1 Bf6 40. Kf2 Rg7 41. Ke2
Bd7 42. Rah1 Qc8 43. Ng4 Bxg4 44. Bh6 Bh5 45. Bxg7+ Bxg7 46. Qh3 Nd3 47. Qxc8
Nf4+ 48. Kf2 Rxc8 49. g3 Bh6 50. gxf4 Bxf4 51. Rh3 Rf8 52. Ke2 Kg7 53. b3 Rc8
54. bxc4 Rxc4 55. Kd3 Bg5 56. Bb3 Rc5 57. Ra1 Bd8 58. Bd1 Rc4 59. Be2 Kf6 60.
Kc2 Rc5 61. Kb3 Kg5 62. Kb4 Kf4 63. c4 Ke3 64. Ra2 bxc4 65. Bxc4 Kd4 66. Bxa6
Bg5 67. Bb5 Rc1 68. a6 Rb1+ 69. Ka5 Bd8+ 70. Ka4 Bb6 71. Rd2+ Kc5 72. Rc2+ Kd4
73. Bd7 Bc5 74. Bc8 Rb4+ 75. Ka5 Rb1 76. Bb7 Bb6+ 77. Ka4 Bc5 78. Bc8 Rb4+ 79.
Ka5 Rb1 80. Bd7 Bb6+ 81. Ka4 Bc5 82. Bc8 1/2-1/2

[Event "XLI Olimpiadi femminile"]
[Site "Tromso NOR"]
[Date "2014.08.08"]
[Round "6.3"]
[White "Sedina, Elena"]
[Black "Sihite, Chelsie Monica Ignesias"]
[WhiteElo "2291"]
[BlackElo "2206"]
[Result "1-0"]
[Annotator "ITA-INA"]
[PlyCount "101"]
[EventDate "2014.08.02"]

1. e4 e5 2. Bc4 Nc6 3. Nc3 Nf6 4. d3 Bb4 5. Nge2 d5 6. exd5 Nxd5 7. O-O Nb6 8.
Bb3 Na5 9. f4 Nxb3 10. axb3 exf4 11. Nxf4 O-O 12. Qh5 g6 13. Qf3 Bc5+ 14. Be3
Bg4 15. Qg3 Bxe3+ 16. Qxe3 f6 17. Qe4 Rf7 18. Rae1 Bd7 19. Qxb7 c6 20. Qa6 c5
21. Qa5 g5 22. Ne6 Bxe6 23. Rxe6 Qd4+ 24. Kh1 Raf8 25. Re4 Qd6 26. Rf5 Nd7 27.
Nb5 Qb8 28. Nxa7 Ne5 29. Nb5 Rb7 30. Na3 Qc8 31. Rf1 Ng6 32. Nc4 Qc6 33. Qa4
Qc7 34. Qa5 Qc6 35. Qe1 Qd7 36. Qf2 Nf4 37. Qxc5 Rb5 38. Qd6 Qg4 39. Ne3 Qe2
40. Kg1 Rf5 41. h3 Re5 42. Rxe5 fxe5 43. Rf3 g4 44. Rg3 h5 45. Kh2 Qf2 46. Nxg4
hxg4 47. Rxg4+ Kf7 48. Qxe5 Ng6 49. Qc7+ Kf6 50. Qd6+ Kf7 51. Qxg6+ 1-0

[Event "XLI Olimpiadi femminile"]
[Site "Tromso NOR"]
[Date "2014.08.08"]
[Round "6.4"]
[White "Citra, Dewi Ardhiani Anastasia"]
[Black "Messina, Roberta"]
[WhiteElo "2128"]
[BlackElo "2042"]
[Result "1-0"]
[Annotator "ITA-INA"]
[PlyCount "113"]
[EventDate "2014.08.02"]

1. e4 c5 2. Nf3 d6 3. d4 cxd4 4. Nxd4 Nf6 5. Nc3 a6 6. Qf3 e6 7. g4 e5 8. Nf5
g6 9. Ne3 Be6 10. g5 Nfd7 11. Ned5 Nc6 12. Be3 Nd4 13. Qd1 Bg7 14. Bg2 Nb6 15.
Qd3 Rc8 16. Nxb6 Qxb6 17. O-O-O Qa5 18. a3 b5 19. Bxd4 exd4 20. Nd5 Bxd5 21.
exd5 O-O 22. Qd2 Rc3 23. Qe1 b4 24. bxc3 Qxa3+ 25. Kd2 Qxc3+ 26. Kc1 Qa3+ 27.
Kd2 d3 28. Qe4 Qc3+ 29. Ke3 dxc2+ 30. Rd3 c1=Q+ 31. Rxc1 Qxc1+ 32. Kf3 Qxg5 33.
Qxb4 Qf5+ 34. Ke2 Re8+ 35. Re3 Qc2+ 36. Kf3 Qd1+ 37. Kg3 Be5+ 38. f4 f5 39.
fxe5 dxe5 40. Rxe5 Qd3+ 41. Bf3 Rf8 42. Qb2 f4+ 43. Kg2 Rc8 44. Re2 a5 45. Qf6
Rf8 46. Qe6+ Kg7 47. Qe5+ Kh6 48. Qe4 Qc3 49. Rc2 Qf6 50. Qe6 Qg5+ 51. Qg4 Qd8
52. Kh3 Kg7 53. Qe6 a4 54. d6 Rf7 55. Rc8 Qd7 56. Qxd7 Rxd7 57. Rc7 1-0

[Event "XLI Olimpiadi femminile"]
[Site "Tromso NOR"]
[Date "2014.08.09"]
[Round "7.1"]
[White "Mamedjarova, Zeinab"]
[Black "Brunello, Marina"]
[WhiteElo "2229"]
[BlackElo "2281"]
[Result "1-0"]
[Annotator "ITA-AZE"]
[PlyCount "59"]
[EventDate "2014.08.02"]

1. d4 d5 2. e3 Nf6 3. Bd3 c5 4. c3 Nc6 5. f4 Bg4 6. Nf3 e6 7. O-O Be7 8. Nbd2
O-O 9. Qe1 Bf5 10. Qe2 Re8 11. Ne5 g6 12. Bb5 Qc7 13. Bxc6 bxc6 14. g4 Bc2 15.
Ndf3 Be4 16. Ng5 Rf8 17. Bd2 Bd6 18. Be1 h6 19. Nh3 Nh7 20. Nf2 Nf6 21. h4 h5
22. Nxe4 dxe4 23. g5 Nd5 24. c4 Ne7 25. Qc2 cxd4 26. exd4 c5 27. Qxe4 cxd4 28.
Rc1 Rab8 29. Nd3 Bc5 30. b4 1-0

[Event "XLI Olimpiadi femminile"]
[Site "Tromso NOR"]
[Date "2014.08.09"]
[Round "7.2"]
[White "Sedina, Elena"]
[Black "Mammadova, Gulnar Marfat Qizi"]
[WhiteElo "2291"]
[BlackElo "2334"]
[Result "1/2-1/2"]
[Annotator "ITA-AZE"]
[PlyCount "101"]
[EventDate "2014.08.02"]

1. e4 d6 2. d4 Nf6 3. Nc3 g6 4. f4 Bg7 5. a3 O-O 6. Nf3 Na6 7. e5 Nd7 8. Be3 c5
9. Qd2 cxd4 10. Bxd4 dxe5 11. fxe5 Ndb8 12. O-O-O Nc7 13. Bc4 Nc6 14. Qf2 Qe8
15. Qh4 h6 16. Be3 h5 17. h3 Be6 18. Bxe6 fxe6 19. Qe4 Qf7 20. Rd7 Rac8 21.
Rhd1 Qf5 22. Bg5 Rf7 23. Qxf5 exf5 24. Nd5 e6 25. Nxc7 Rxc7 26. Rxc7 Rxc7 27.
Rd6 Kf7 28. Bf4 Ke7 29. Ng5 Nd8 30. Rxd8 Kxd8 31. Nxe6+ Kc8 32. Nxc7 Kxc7 33.
e6+ Kc6 34. c4 Bf6 35. Kc2 b5 36. cxb5+ Kxb5 37. Kd3 Kc5 38. e7 Bxe7 39. Be3+
Kd5 40. Bxa7 g5 41. b4 f4 42. Bb8 Bf8 43. h4 f3 44. gxf3 gxh4 45. Bh2 Be7 46.
Ke3 Kc4 47. Ke4 Bf6 48. f4 Bb2 49. Kf5 Bxa3 50. Kg5 Bc1 51. Kxh4 1/2-1/2

[Event "XLI Olimpiadi femminile"]
[Site "Tromso NOR"]
[Date "2014.08.09"]
[Round "7.3"]
[White "Abdulla, Khayala Mardan Qizi"]
[Black "Gueci, Tea"]
[WhiteElo "2286"]
[BlackElo "2074"]
[Result "0-1"]
[Annotator "ITA-AZE"]
[PlyCount "124"]
[EventDate "2014.08.02"]

1. e4 g6 2. d4 Bg7 3. Nc3 d6 4. h3 Nf6 5. Nf3 O-O 6. Be3 c6 7. a4 Nbd7 8. a5
Qc7 9. Nd2 Rd8 10. Nc4 d5 11. exd5 Nxd5 12. Qf3 N7f6 13. Ne5 Be6 14. Bc4 Qc8
15. O-O Nb4 16. Qe2 Nfd5 17. Bxd5 cxd5 18. Ra4 Nc6 19. Nd3 Bf5 20. Nf4 e5 21.
Nfxd5 exd4 22. Rc4 Qd7 23. Rd1 Be6 24. Bxd4 Bxd5 25. Bxg7 Bxc4 26. Qxc4 Qe6 27.
Qxe6 fxe6 28. Bh6 Rxd1+ 29. Nxd1 Nxa5 30. Kf1 Rc8 31. c3 Kf7 32. Ke2 b5 33. Be3
a6 34. Bd4 Nc4 35. f4 e5 36. fxe5 Ke6 37. Kd3 Nxe5+ 38. Ke4 Nc4 39. b4 Nd6+ 40.
Kd3 Nf5 41. Bb6 Rc6 42. Bc5 a5 43. g4 Nd6 44. Ne3 a4 45. Nc2 Ra6 46. Na3 Kd7
47. Kd4 Nb7 48. c4 Nxc5 49. Kxc5 bxc4 50. b5 Ra8 51. Kxc4 Kc7 52. Kb4 Rf8 53.
Kxa4 Rf3 54. Nc4 Rxh3 55. Ka5 Rg3 56. Ka6 Rxg4 57. b6+ Kb8 58. Ne5 Ra4+ 59. Kb5
Ra1 60. Nd7+ Kc8 61. Nc5 Rb1+ 62. Ka6 g5 0-1

[Event "XLI Olimpiadi femminile"]
[Site "Tromso NOR"]
[Date "2014.08.09"]
[Round "7.4"]
[White "Messina, Roberta"]
[Black "Mamedjarova, Turkan"]
[WhiteElo "2042"]
[BlackElo "2274"]
[Result "0-1"]
[Annotator "ITA-AZE"]
[PlyCount "72"]
[EventDate "2014.08.02"]

1. Nf3 d5 2. d4 Nf6 3. c4 e6 4. g3 c6 5. Bg2 Bb4+ 6. Bd2 Bd6 7. Nc3 Nbd7 8. O-O
dxc4 9. e4 e5 10. dxe5 Nxe5 11. Bf4 Qe7 12. Qd4 c5 13. Qd2 O-O 14. Rad1 Nxf3+
15. Bxf3 Be5 16. Rfe1 Bg4 17. Bxg4 Nxg4 18. Nd5 Qe6 19. Qe2 Rad8 20. h3 Nf6 21.
Bxe5 Qxe5 22. Qxc4 b6 23. b3 Rfe8 24. f4 Qh5 25. Kg2 Nxd5 26. exd5 Rxe1 27.
Rxe1 h6 28. Re5 Qd1 29. a4 Qd2+ 30. Kg1 f6 31. d6+ Kh8 32. Rd5 Qe1+ 33. Kg2 Re8
34. Qd3 Re3 35. Qxe3 Qxe3 36. Rf5 Qe4+ 0-1

[Event "XLI Olimpiadi femminile"]
[Site "Tromso NOR"]
[Date "2014.08.10"]
[Round "8.1"]
[White "Zimina, Olga"]
[Black "Arakhamia-Grant, Ketevan"]
[WhiteElo "2327"]
[BlackElo "2394"]
[Result "1/2-1/2"]
[Annotator "ITA-SCO"]
[PlyCount "77"]
[EventDate "2014.08.02"]

1. Nf3 Nf6 2. c4 c5 3. Nc3 Nc6 4. d4 cxd4 5. Nxd4 g6 6. Nc2 Bg7 7. e4 d6 8. Be2
O-O 9. O-O Be6 10. Rb1 Nd7 11. Bd2 a5 12. Na3 Nc5 13. Nab5 f5 14. Nd5 Rc8 15.
Nf4 Bd7 16. exf5 Bxf5 17. Bg4 Bxb1 18. Qxb1 Rb8 19. Be3 Ne5 20. Bh3 Rxf4 21.
Bxf4 Nxc4 22. b3 Ne5 23. Nd4 Qf8 24. Ne6 Nxe6 25. Bxe6+ Kh8 26. Be3 Qf6 27. Bh3
Nc6 28. Rd1 Rf8 29. Qd3 Qe5 30. Qd2 Qb2 31. Qxb2 Bxb2 32. Rd5 Rb8 33. Rb5 Bc3
34. Kf1 Kg7 35. Be6 Nd4 36. Bxd4+ Bxd4 37. Rxa5 Kf6 38. Bg4 b5 39. a3 1/2-1/2

[Event "XLI Olimpiadi femminile"]
[Site "Tromso NOR"]
[Date "2014.08.10"]
[Round "8.2"]
[White "Roy, Ali"]
[Black "Sedina, Elena"]
[WhiteElo "1913"]
[BlackElo "2291"]
[Result "0-1"]
[Annotator "ITA-SCO"]
[PlyCount "136"]
[EventDate "2014.08.02"]

1. e4 e6 2. d4 d5 3. Nd2 c5 4. exd5 exd5 5. Ngf3 a6 6. Be2 Nc6 7. O-O cxd4 8.
Nb3 Bd6 9. Nbxd4 Nge7 10. Bg5 O-O 11. Bh4 Qb6 12. Nb3 Re8 13. Re1 h6 14. Bg3
Bxg3 15. hxg3 Nf5 16. Bd3 Rxe1+ 17. Qxe1 Bd7 18. Bxf5 Bxf5 19. Qe2 a5 20. c3 a4
21. Nbd4 Be4 22. Qb5 Qxb5 23. Nxb5 Bxf3 24. gxf3 Ra5 25. Nd6 Ne5 26. Rd1 Nxf3+
27. Kg2 Ng5 28. Rd4 Ne6 29. Rb4 a3 30. Rxb7 axb2 31. Rxb2 Ra3 32. Nb5 Ra5 33.
Nd6 Ra3 34. Nb5 Ra5 35. Nd6 Nc5 36. Rb5 Ra6 37. Nc8 Ne4 38. Ne7+ Kh7 39. Rxd5
Nxc3 40. Rf5 f6 41. Rc5 Nxa2 42. Nd5 Ra7 43. f4 h5 44. Kh3 Kh6 45. Kh4 Rb7 46.
Rc2 Rb1 47. Kh3 Nc1 48. Ne3 Nd3 49. Nf5+ Kg6 50. Nh4+ Kh7 51. Rc7 Rb5 52. Nf3
Nf2+ 53. Kg2 Ng4 54. Nd4 Rb2+ 55. Kf3 Nh2+ 56. Ke4 Rb4 57. Kd3 Kg6 58. f5+ Kh6
59. Rc8 g6 60. Rg8 gxf5 61. Nxf5+ Kh7 62. Rg7+ Kh8 63. Rg6 Ng4 64. Kc3 Rb5 65.
Ne7 Kh7 66. Rg8 Re5 67. Rxg4 hxg4 68. Nc6 Rc5+ 0-1

[Event "XLI Olimpiadi femminile"]
[Site "Tromso NOR"]
[Date "2014.08.10"]
[Round "8.3"]
[White "Gueci, Tea"]
[Black "Groves, Carey"]
[WhiteElo "2074"]
[BlackElo "2027"]
[Result "1-0"]
[Annotator "ITA-SCO"]
[PlyCount "81"]
[EventDate "2014.08.02"]

1. e4 d5 2. exd5 Qxd5 3. Nc3 Qd6 4. d4 Nf6 5. Be2 g6 6. Nf3 c6 7. O-O Bg7 8.
Bg5 O-O 9. Qd2 Bf5 10. Rad1 Re8 11. Rfe1 Nbd7 12. Qc1 Qc7 13. Bf4 Qc8 14. h3
Be4 15. Ne5 Bd5 16. Bg3 Be6 17. f4 Nb6 18. Bf3 Nfd5 19. Ne2 f6 20. Nd3 Bf7 21.
b3 a5 22. c4 Nb4 23. Nc3 Nd7 24. Nf2 h5 25. Nfe4 Bh6 26. Qd2 Nf8 27. a3 Na6 28.
d5 Rd8 29. Qe2 cxd5 30. Nxd5 Bxd5 31. cxd5 Qf5 32. d6 exd6 33. Rd5 Qe6 34. Bh4
Bg7 35. Qd2 Qf7 36. Nxd6 Qc7 37. Nxb7 Rxd5 38. Qxd5+ Kh7 39. Bg3 Qb6+ 40. Kh2
Rc8 41. f5 1-0

[Event "XLI Olimpiadi femminile"]
[Site "Tromso NOR"]
[Date "2014.08.10"]
[Round "8.4"]
[White "Durno, Joy"]
[Black "Messina, Roberta"]
[WhiteElo "1862"]
[BlackElo "2042"]
[Result "1-0"]
[Annotator "ITA-SCO"]
[PlyCount "113"]
[EventDate "2014.08.02"]

1. d4 d5 2. c4 e6 3. Nf3 Nf6 4. e3 c6 5. b3 Nbd7 6. Bb2 Be7 7. Bd3 O-O 8. Nc3
b6 9. O-O Bb7 10. Qe2 Qc7 11. e4 dxe4 12. Nxe4 Nxe4 13. Qxe4 Nf6 14. Qh4 h6 15.
Ne5 c5 16. dxc5 Qxc5 17. Bd4 Qd6 18. Qf4 Nd7 19. Qe3 Bf6 20. f4 Rad8 21. Rad1
Qc7 22. Nxd7 Bxd4 23. Qxd4 Kh8 24. Bc2 Bc6 25. Qd3 f5 26. Qe3 Bxd7 27. Rd2 Bc8
28. Rfd1 Rxd2 29. Qxd2 e5 30. fxe5 Qxe5 31. Re1 Qc5+ 32. Qf2 Qb4 33. h3 Qd6 34.
Rd1 Qf6 35. Qd4 Bb7 36. Qxf6 Rxf6 37. Rd7 Be4 38. Bxe4 fxe4 39. Rxa7 Re6 40.
Kf2 Kh7 41. Rb7 Kg6 42. Ke3 Kf6 43. b4 Rc6 44. a4 g6 45. c5 bxc5 46. b5 Rd6 47.
a5 Kf5 48. Rf7+ Ke6 49. Rc7 Rd3+ 50. Kxe4 Rd4+ 51. Ke3 Ra4 52. a6 c4 53. Kd4
Ra5 54. Rc6+ Kd7 55. Kxc4 g5 56. Kc5 h5 57. Kb6 1-0

[Event "XLI Olimpiadi femminile"]
[Site "Tromso NOR"]
[Date "2014.08.11"]
[Round "9.1"]
[White "Krivec, Jana"]
[Black "Zimina, Olga"]
[WhiteElo "2259"]
[BlackElo "2327"]
[Result "1/2-1/2"]
[Annotator "ITA-SLO"]
[PlyCount "119"]
[EventDate "2014.08.02"]

1. e4 e5 2. Nc3 Nf6 3. Bc4 Nxe4 4. Qh5 Nd6 5. Qxe5+ Qe7 6. Qxe7+ Bxe7 7. Bb3
Nf5 8. Nf3 c6 9. d4 d5 10. Ne2 Nd6 11. Ng3 h5 12. h3 h4 13. Ne2 Bf5 14. c3 Nd7
15. Bg5 Bxg5 16. Nxg5 f6 17. Nf3 O-O-O 18. O-O-O Rde8 19. Rde1 g5 20. Bc2 Be4
21. Rhg1 Re7 22. Nd2 Bxc2 23. Kxc2 Rhe8 24. Kd1 Nb6 25. b3 Kc7 26. Rgf1 Nd7 27.
Nc1 Ne4 28. Kc2 Nf8 29. Nd3 Kd6 30. Re2 Nd7 31. Rfe1 b6 32. Nf1 f5 33. c4 f4
34. f3 Ng3 35. Nxg3 fxg3 36. Rxe7 Rxe7 37. c5+ bxc5 38. dxc5+ Nxc5 39. Rxe7
Nxd3 40. Re2 Nf4 41. Rd2 Kc5 42. Kb2 d4 43. a3 a5 44. Rc2+ Kd5 45. b4 axb4 46.
axb4 d3 47. Rc5+ Kd4 48. Rxc6 Nxg2 49. b5 Ne3 50. b6 g2 51. b7 g1=Q 52. b8=Q
Nc4+ 53. Rxc4+ Kxc4 54. Qb3+ Kc5 55. Qa3+ Kb6 56. Qd6+ Kb7 57. Qd7+ Kb6 58.
Qd6+ Ka5 59. Qa3+ Kb6 60. Qd6+ 1/2-1/2

[Event "XLI Olimpiadi femminile"]
[Site "Tromso NOR"]
[Date "2014.08.11"]
[Round "9.2"]
[White "Brunello, Marina"]
[Black "Kolaric, Spela"]
[WhiteElo "2281"]
[BlackElo "2043"]
[Result "1/2-1/2"]
[Annotator "ITA-SLO"]
[PlyCount "155"]
[EventDate "2014.08.02"]

1. e4 e5 2. Nf3 Nc6 3. d4 exd4 4. Nxd4 Nf6 5. Nc3 Bb4 6. Nxc6 bxc6 7. Bd3 d5 8.
exd5 cxd5 9. O-O O-O 10. h3 c6 11. Qf3 Bd6 12. Bg5 Rb8 13. Rab1 Re8 14. Ne2 h6
15. Bh4 Rb4 16. Bg3 Bxg3 17. Nxg3 Qd6 18. c3 Rb8 19. Rfd1 g6 20. Bc2 Kg7 21.
Ba4 Bd7 22. Bb3 Re7 23. Rbc1 Rbe8 24. c4 Qe5 25. cxd5 cxd5 26. Rc2 Be6 27. Re2
Qc7 28. Qd3 Qb6 29. Re3 Rc7 30. Rf3 Rec8 31. Qd2 Ne4 32. Qf4 Nxg3 33. Rxg3 Rd7
34. Rgd3 Rcd8 35. Rd4 Qd6 36. Qd2 Qe5 37. Re1 Qg5 38. Qc3 Qf6 39. Red1 Qe5 40.
R1d3 Rd6 41. Qd2 Qg5 42. Re3 Rc8 43. h4 Qf5 44. Re1 g5 45. Rd3 f6 46. Rf3 Qg6
47. Qd4 Rc7 48. Rfe3 Bf7 49. Re7 Rdd7 50. R7e3 Rd6 51. Ba4 Rb6 52. b3 Qf5 53.
Be8 Rb8 54. Rf3 Rxe8 55. Rxe8 Qb1+ 56. Kh2 Bxe8 57. Qxf6+ Kh7 58. Qe5 Rf7 59.
Qxe8 Rxf3 60. gxf3 gxh4 61. Qd7+ Kh8 62. Qxd5 Qxa2 63. Qd8+ Kg7 64. Qe7+ Kg6
65. Qe3 Qb2 66. Kg2 Qf6 67. f4 Qc6+ 68. Kh2 Qc2 69. Qe6+ Kg7 70. Qe7+ Kg6 71.
Qxa7 Qxb3 72. Qe7 Qf3 73. Qxh4 Kf5 74. Qh3+ Qxh3+ 75. Kxh3 Kxf4 76. Kh4 Kf3 77.
Kh5 Kxf2 78. Kxh6 1/2-1/2

[Event "XLI Olimpiadi femminile"]
[Site "Tromso NOR"]
[Date "2014.08.11"]
[Round "9.3"]
[White "Unuk, Laura"]
[Black "Sedina, Elena"]
[WhiteElo "2221"]
[BlackElo "2291"]
[Result "0-1"]
[Annotator "ITA-SLO"]
[PlyCount "104"]
[EventDate "2014.08.02"]

1. d4 d5 2. c4 c6 3. Nf3 Nf6 4. e3 Bf5 5. Nc3 e6 6. Nh4 Bg6 7. Be2 Nbd7 8. O-O
Ne4 9. Nxg6 hxg6 10. cxd5 exd5 11. Nxe4 dxe4 12. d5 Bd6 13. h3 c5 14. Qc2 Qe7
15. f3 exf3 16. Bxf3 Nf6 17. Bd2 O-O 18. e4 Qe5 19. Bc3 Qh2+ 20. Kf2 Rfe8 21.
e5 Bxe5 22. Bxe5 Qxe5 23. Kg1 b6 24. Rad1 Rad8 25. Qa4 Re7 26. Rfe1 Qc7 27. Qc4
Ne8 28. Qh4 Nf6 29. Qc4 Qd6 30. Kf1 Rde8 31. Rxe7 Rxe7 32. a4 Nd7 33. b3 Ne5
34. Qf4 f6 35. Be4 f5 36. Bd3 Nf7 37. Qf3 Ng5 38. Qf2 Ne4 39. Qc2 Qh2 40. Bxe4
Rxe4 41. d6 Rf4+ 42. Ke1 Qg1+ 43. Kd2 Rd4+ 44. Kc1 Rxd1+ 45. Qxd1 Qxd1+ 46.
Kxd1 Kf7 47. d7 Ke7 48. Kd2 Kxd7 49. Kd3 a6 50. Kc4 Kc6 51. b4 b5+ 52. axb5+
axb5+ 0-1

[Event "XLI Olimpiadi femminile"]
[Site "Tromso NOR"]
[Date "2014.08.11"]
[Round "9.4"]
[White "Gueci, Tea"]
[Black "Novak, Ksenija"]
[WhiteElo "2074"]
[BlackElo "2074"]
[Result "0-1"]
[Annotator "ITA-SLO"]
[PlyCount "100"]
[EventDate "2014.08.02"]

1. e4 c5 2. Nf3 Nc6 3. d4 cxd4 4. Nxd4 Nf6 5. Nc3 e5 6. Ndb5 d6 7. Bg5 a6 8.
Na3 b5 9. Nd5 Be7 10. Bxf6 Bxf6 11. c4 b4 12. Nc2 O-O 13. Be2 a5 14. O-O Bg5
15. Bg4 Be6 16. b3 Nb8 17. Nce3 g6 18. Bf3 Nd7 19. a3 Rb8 20. axb4 axb4 21. Ra4
Nc5 22. Ra7 Ra8 23. Rxa8 Qxa8 24. Nc7 Qc6 25. Ned5 Bxd5 26. Nxd5 Ra8 27. Nxb4
Qb6 28. Nd5 Qxb3 29. Nc7 Qxd1 30. Rxd1 Ra4 31. Nb5 Rxc4 32. Nxd6 Rd4 33. Kf1
Kf8 34. Ke2 Ke7 35. Nb5 Rc4 36. Nd6 Rc2+ 37. Ke1 Nb3 38. Nb5 Bd2+ 39. Kf1 Bb4
40. g3 Bc5 41. Be2 Nd2+ 42. Rxd2 Rxd2 43. g4 h6 44. Nc3 Rd4 45. h4 Bb4 46. Nd5+
Kd6 47. f3 Bd2 48. h5 gxh5 49. gxh5 f5 50. Nf6 Ke6 0-1

[Event "XLI Olimpiadi femminile"]
[Site "Tromso NOR"]
[Date "2014.08.12"]
[Round "10.1"]
[White "Zimina, Olga"]
[Black "Daulyte, Deimante"]
[WhiteElo "2327"]
[BlackElo "2386"]
[Result "1/2-1/2"]
[Annotator "ITA-LTU"]
[PlyCount "107"]
[EventDate "2014.08.02"]

1. Nf3 d6 2. d4 Nf6 3. c4 g6 4. Nc3 Bf5 5. Nh4 Bd7 6. e4 Bg7 7. Nf3 O-O 8. Be2
c5 9. d5 e6 10. O-O exd5 11. exd5 Re8 12. h3 Na6 13. Bd3 Nc7 14. Bf4 Bf8 15. a4
Na6 16. Bh2 Nb4 17. Bb1 b6 18. Nd2 a6 19. Qf3 Kg7 20. Ra3 Rb8 21. Nce4 Nxe4 22.
Nxe4 Bf5 23. Qc3+ f6 24. Ng5 Bc8 25. h4 Kg8 26. Ne6 Bxe6 27. dxe6 Rxe6 28. h5
f5 29. Qg3 Bg7 30. Re3 Qf6 31. Rxe6 Qxe6 32. hxg6 hxg6 33. Qxd6 Qxd6 34. Bxd6
Rd8 35. Bc7 Rd2 36. g4 fxg4 37. Bxg6 Bd4 38. Kg2 Nd3 39. Bg3 Nxb2 40. Bf5 Nxa4
41. Bxg4 Nb2 42. Kh3 b5 43. cxb5 axb5 44. f4 Nd3 45. Bd7 c4 46. f5 Kg7 47. Bh4
Nf2+ 48. Bxf2 Bxf2 49. Bxb5 c3 50. Ba4 Kf6 51. Rc1 Rd3+ 52. Kg2 Be3 53. Rd1
Rxd1 54. Bxd1 1/2-1/2

[Event "XLI Olimpiadi femminile"]
[Site "Tromso NOR"]
[Date "2014.08.12"]
[Round "10.2"]
[White "Zaksaite, Salomeja"]
[Black "Brunello, Marina"]
[WhiteElo "2170"]
[BlackElo "2281"]
[Result "1-0"]
[Annotator "ITA-LTU"]
[PlyCount "65"]
[EventDate "2014.08.02"]

1. e4 c5 2. Nf3 d6 3. d4 cxd4 4. Nxd4 Nf6 5. Nc3 a6 6. Bc4 e6 7. Bb3 b5 8. O-O
Be7 9. Qf3 Qb6 10. Be3 Qb7 11. Qg3 b4 12. Na4 Nbd7 13. f3 O-O 14. Rfd1 Ne5 15.
Ne2 Bd7 16. Nb6 Rab8 17. a3 a5 18. axb4 axb4 19. Nxd7 Nexd7 20. Ra7 Qc8 21. Nf4
Kh8 22. Nd3 Re8 23. Qe1 Nc5 24. Nxc5 dxc5 25. Ba4 c4 26. Bxe8 Qxe8 27. Qg3 Rd8
28. Rxd8 Qxd8 29. Qc7 Qd1+ 30. Kf2 Bd6 31. Ra8+ Ng8 32. Rxg8+ Kxg8 33. Qd8+ 1-0

[Event "XLI Olimpiadi femminile"]
[Site "Tromso NOR"]
[Date "2014.08.12"]
[Round "10.3"]
[White "Sedina, Elena"]
[Black "Batkovskyte, Dominyka"]
[WhiteElo "2291"]
[BlackElo "2117"]
[Result "1/2-1/2"]
[Annotator "ITA-LTU"]
[PlyCount "103"]
[EventDate "2014.08.02"]

1. e4 e6 2. d4 d5 3. e5 c5 4. c3 Qb6 5. Nf3 Nc6 6. a3 Bd7 7. b4 cxd4 8. cxd4
Rc8 9. Bb2 Na5 10. Nbd2 Nc4 11. Nxc4 dxc4 12. Rc1 Qa6 13. d5 exd5 14. Qxd5 Ne7
15. Qd6 Qxd6 16. exd6 Nf5 17. Bxc4 Nxd6 18. Bd5 Rxc1+ 19. Bxc1 Be7 20. O-O O-O
21. Re1 Bf6 22. Bf4 Nb5 23. Ne5 Bxe5 24. Rxe5 Re8 25. Rxe8+ Bxe8 26. Bc1 Nc3
27. Bf3 b6 28. Bb2 Nb5 29. a4 Nd6 30. b5 f6 31. h4 Bf7 32. Bd1 Kf8 33. g4 Bd5
34. f3 Kf7 35. Kf2 Ke6 36. Bd4 Bc4 37. Ke3 g6 38. Bc2 Bd5 39. Bd1 Nc4+ 40. Kd3
Ne5+ 41. Ke3 Nc4+ 42. Kf4 h6 43. Bc2 g5+ 44. Kg3 gxh4+ 45. Kxh4 Bxf3 46. Bb3
Bd5 47. Kh5 f5 48. gxf5+ Kxf5 49. a5 Bf3+ 50. Kxh6 Nxa5 51. Bc2+ Ke6 52. Bd3
1/2-1/2

[Event "XLI Olimpiadi femminile"]
[Site "Tromso NOR"]
[Date "2014.08.12"]
[Round "10.4"]
[White "Vanagaite, Giedre"]
[Black "Gueci, Tea"]
[WhiteElo "2032"]
[BlackElo "2074"]
[Result "1/2-1/2"]
[Annotator "ITA-LTU"]
[PlyCount "89"]
[EventDate "2014.08.02"]

1. e4 g6 2. d4 Bg7 3. Nc3 d6 4. Nf3 Nf6 5. Be3 O-O 6. h3 a6 7. a4 b6 8. Bd3 Bb7
9. O-O Nfd7 10. Ne2 c5 11. c3 Nc6 12. Rb1 cxd4 13. Nexd4 Nc5 14. Nxc6 Bxc6 15.
Bxc5 bxc5 16. Qc2 a5 17. Rfd1 Qd7 18. b3 Qb7 19. Re1 e6 20. c4 Rfb8 21. Nd2 Ra6
22. f4 Rb6 23. Re2 Bh6 24. g3 e5 25. Rf2 Qe7 26. Qd1 Bd7 27. Qf3 exf4 28. gxf4
Bg7 29. Kh2 Bc3 30. Bc2 Bxd2 31. Rxd2 Bxa4 32. Qd3 Be8 33. Rbd1 Ra8 34. Qd5
Raa6 35. Re2 Qh4 36. Rf1 Bd7 37. f5 a4 38. bxa4 Bc6 39. Qxd6 Bxa4 40. Qxc5 Rc6
41. Qf2 Qxf2+ 42. Rexf2 Bxc2 43. Rxc2 Ra4 44. fxg6 hxg6 45. Rfc1 1/2-1/2

[Event "XLI Olimpiadi femminile"]
[Site "Tromso NOR"]
[Date "2014.08.14"]
[Round "11.1"]
[White "Botsari, Anna-Maria"]
[Black "Zimina, Olga"]
[WhiteElo "2299"]
[BlackElo "2327"]
[Result "1-0"]
[Annotator "ITA-GRE"]
[PlyCount "153"]
[EventDate "2014.08.02"]

1. d4 d5 2. c4 c6 3. Nf3 Nf6 4. e3 e6 5. Bd3 dxc4 6. Bxc4 Nbd7 7. O-O Bd6 8.
Re1 O-O 9. e4 e5 10. Bg5 Qc7 11. h3 exd4 12. Bxf6 gxf6 13. Nxd4 Nb6 14. Nf5
Bxf5 15. exf5 Nxc4 16. Qg4+ Kh8 17. Qxc4 Qa5 18. Nc3 Qxf5 19. Rad1 Be5 20. Qb3
Rg8 21. Ne4 Rad8 22. Ng3 Rxd1 23. Rxd1 Qf4 24. Rd3 Bd4 25. Rf3 Qe5 26. Nf1 Qe7
27. Ne3 c5 28. Ng4 Rg6 29. Qc2 Qe1+ 30. Kh2 h5 31. Ne3 Be5+ 32. g3 h4 33. Nf5
hxg3+ 34. fxg3 Rg8 35. Qc4 Qd2+ 36. Kh1 Qd1+ 37. Kg2 Qd2+ 38. Rf2 Qg5 39. g4
Rd8 40. Qxc5 Qg8 41. Qxa7 Rd7 42. Qe3 Qg5 43. Qc5 Qg8 44. Qa3 Qc8 45. Qa4 Qd8
46. Qb4 Qc8 47. Qe4 Qc1 48. Qc2 Qxc2 49. Rxc2 Kh7 50. b3 Kg6 51. h4 Rd8 52. Kf3
b5 53. Ke4 b4 54. Rc4 Ra8 55. Rxb4 Rxa2 56. Rc4 Rd2 57. b4 Bh2 58. Rd4 Rb2 59.
Kd5 Bg1 60. Rc4 Rb1 61. Kc6 Bf2 62. b5 Rb2 63. h5+ Kg5 64. Nd6 f5 65. Nxf5 Bg1
66. Nd6 Kf6 67. Ne4+ Ke5 68. Nc5 Kf6 69. b6 Kg5 70. b7 Bh2 71. Nd7 f5 72. gxf5
Kxf5 73. h6 Bg3 74. Rc3 Bf4 75. Rf3 Rc2+ 76. Nc5 Rb2 77. Rxf4+ 1-0

[Event "XLI Olimpiadi femminile"]
[Site "Tromso NOR"]
[Date "2014.08.14"]
[Round "11.2"]
[White "Brunello, Marina"]
[Black "Tsolakidou, Stavroula"]
[WhiteElo "2281"]
[BlackElo "2240"]
[Result "1-0"]
[Annotator "ITA-GRE"]
[PlyCount "131"]
[EventDate "2014.08.02"]

1. e4 c5 2. Nf3 d6 3. d4 cxd4 4. Nxd4 Nf6 5. Nc3 a6 6. Be3 e5 7. Nf3 Qc7 8. a4
Be7 9. a5 Nbd7 10. Nd2 Nc5 11. Bxc5 dxc5 12. Bc4 Be6 13. Qe2 Rd8 14. b3 O-O 15.
O-O Rd4 16. Nf3 Bxc4 17. bxc4 Rdd8 18. Rfb1 Bd6 19. Rb6 Qc8 20. Rab1 Rd7 21.
Qe3 Qd8 22. h3 Bc7 23. Rxb7 Bxa5 24. Nd5 Rxb7 25. Rxb7 Nxd5 26. cxd5 Qc8 27.
Rb1 f6 28. Ra1 Bd8 29. Nd2 Rf7 30. Nc4 Rd7 31. Qa3 a5 32. Qa4 Kf8 33. Ra3 Kf7
34. Rb3 Kf8 35. Rb5 Kf7 36. Qb3 Qa6 37. Rxc5 a4 38. Qf3 Ke8 39. Rc6 Qa7 40.
Re6+ Re7 41. Nd6+ Kf8 42. Nc8 Qa8 43. Rxf6+ gxf6 44. Qxf6+ Kg8 45. Nxe7+ Bxe7
46. Qxe7 a3 47. Qe6+ Kf8 48. Qxe5 Kg8 49. Qa1 a2 50. d6 Kf7 51. d7 Ke7 52. Qg7+
Ke6 53. Qg4+ Ke7 54. d8=Q+ Qxd8 55. Qg5+ Kf7 56. Qxd8 a1=Q+ 57. Kh2 Qe5+ 58. g3
Qxe4 59. Qd3 Qe1 60. Qxh7+ Ke6 61. Qh6+ Kf7 62. Qf4+ Kg7 63. c4 Qc3 64. Qg5+
Kf7 65. Qf5+ Kg7 66. c5 1-0